La momia / (Record no. 103553)

MARC details
000 -LEADER
campo de control de longitud fija 01113nam a2200277 i 4500
001 - NÚMERO DE CONTROL
campo de control 103553
003 - IDENTIFICADOR DE NÚMERO DE CONTROL
campo de control ES-MaACL
005 - FECHA Y HORA DE LA ÚLTIMA TRANSACCIÓN
campo de control 20250902211531.0
007 - CAMPO FIJO DE DESCRIPCIÓN FÍSICA--INFORMACIÓN GENERAL
campo de control de longitud fija t|
008 - DATOS DE LONGITUD FIJA--INFORMACIÓN GENERAL
campo de control de longitud fija 931025s1884 sp ||||1| spa d
100 1# - ENTRADA PRINCIPAL--NOMBRE DE PERSONA
Nombre de persona Mendès, Catulle.
9 (RLIN) 80102
245 13 - MENCIÓN DEL TÍTULO
Título La momia /
Mención de responsabilidad, etc. por Catulle Mendès. Frritt-Flacc / por Julio Verne. Relojería / por Armand Silvestre. Un artículo / por R. Torromé. El cura pobre / por J. Francos Rodríguez. Un cuento de Boccaccio / por A. García Vao.
260 ## - PUBLICACIÓN, DISTRIBUCIÓN, ETC.
Lugar de publicación, distribución, etc. Madrid :
Nombre del editor, distribuidor, etc. [s.n.,
Fecha de publicación, distribución, etc. 1884?] (
Fabricante Imp. de M. Minuesa de los Ríos)
300 ## - DESCRIPCIÓN FÍSICA
Extensión 93 p. ;
Dimensiones 16 cm.
490 1# - MENCIÓN DE SERIE
Mención de serie Biblioteca reformista ;
Designación de volumen o secuencia 3
650 #4 - PUNTO DE ACCESO ADICIONAL DE MATERIA--TÉRMINO DE MATERIA
Término de materia o nombre geográfico como elemento de entrada Cuentos franceses-
Subdivisión cronológica S.XIX.
9 (RLIN) 152899
650 #4 - PUNTO DE ACCESO ADICIONAL DE MATERIA--TÉRMINO DE MATERIA
Término de materia o nombre geográfico como elemento de entrada Cuentos españoles-
Subdivisión cronológica S.XIX.
9 (RLIN) 172955
700 1# - ENTRADA AGREGADA--NOMBRE PERSONAL
Nombre de persona Verne, Jules,
Fechas asociadas al nombre 1828-1905
9 (RLIN) 188654
700 1# - ENTRADA AGREGADA--NOMBRE PERSONAL
Nombre de persona Silvestre, Armand.
9 (RLIN) 106436
700 1# - ENTRADA AGREGADA--NOMBRE PERSONAL
Nombre de persona Torromé, Rafael,
Fechas asociadas al nombre 1861-1924
9 (RLIN) 111060
700 1# - ENTRADA AGREGADA--NOMBRE PERSONAL
Nombre de persona Francos Rodríguez, José,
Fechas asociadas al nombre 1862-1931
9 (RLIN) 52286
700 1# - ENTRADA AGREGADA--NOMBRE PERSONAL
Nombre de persona García Vao, Antonio R.
9 (RLIN) 55370
830 1# - PUNTO DE ACCESO ADICIONAL DE SERIE-TÍTULO UNIFORME
Título uniforme Biblioteca reformista ;
Designación de volumen o secuencia 3
9 (RLIN) 184775
852 ## - LOCALIZACIÓN
Ubicación ES-MaACL
Número de control de estantería T-482-F-5
Holdings
Estatus retirado Estado de pérdida Estado de daño No para préstamo Colección Biblioteca de origen Biblioteca actual Ubicación en estantería Fecha de adquisición Fuente de adquisición Total de préstamos Signatura topográfica completa Código de barras Visto por última vez Precio de reemplazo Tipo de ítem Koha
        Colección de folletos Biblioteca del Ateneo de Madrid Biblioteca del Ateneo de Madrid Depósito folletos 17/01/2008     T-482-F-5 1108120 23/02/2023 23/02/2023 Folleto